000 00275nam a2200109Ia 4500
008 190216s9999||||xx |||||||||||||| ||und||
100 _aNijalay Ivanov
245 0 _aKaral Max Legu Jeeva Charithram
260 _bY F Runov At Soviet
650 _aJeeva Charithram
942 _cBK
999 _c25515
_d25515